000 00485nam a22001937a 4500
003 MPLRDC
005 20220104114057.0
008 210129b ||||| |||| 00| 0 eng d
020 _a7-5325-0845-5
082 _a083.6 SDXL v.10
100 _a毛佩琦主编
245 _a十大后妃
_c
250 _a一版一刷
260 _a
_b上海古籍出版社
_c1990
300 _b
490 _a十大系列丛刊
650 _a现代丛书--通俗用
942 _cBK
_o083.6 SDXL v.10
999 _c4634
_d4624